| 000 | 00511nam a2200193 a 4500 | ||
|---|---|---|---|
| 001 | 1772709459163 | ||
| 003 | YourLibrary | ||
| 005 | 20260305165356.0 | ||
| 008 | 260305s2003##################000#0#eng## | ||
| 020 | _a9780714652115 | ||
| 082 | 0 | 4 |
_a327.12485009 _bMCK |
| 100 | 1 |
_aMcKay, C. G., _eauthor. |
|
| 245 | 1 | 0 | _aSwedish Signal Intelligence, 1900-1945 : |
| 260 |
_bPsychology Press, _c2003. |
||
| 300 | _a336 pages | ||
| 650 | 0 | _aHistory. | |
| 942 | _cENGLISH | ||
| 040 |
_aYourLibrary _beng _cYourLibrary |
||
| 999 |
_c617003 _d617003 |
||